000 00601nam a2200241Ia 4500
003 OSt
005 20220918200533.0
006 a|||||r|||| 00| 0
007 ta
008 220917b |||||||| |||| 00| 0 eng d
024 _a89,224
037 _cTextual
040 _aARTS
_cARTS
_beng
041 _2eng
_aeng
082 _aT9(Y4), M3
100 _aJarvis Peter
_994535
245 0 _aProfessional education
260 _aLondon
_bCroom Helm
_c1983
300 _a150p.
_ccm.
650 _aEDUCATION
942 _hT9(Y4), M3
_cTEXL
_2CC
999 _c212894
_d212894